香港幹線測驗 Hong Kong Strategic Routes Test - Statistics

General Stats
  • This quiz has been taken 23 times
  • The average score is 36 of 74
Answer Stats
Answers % Correct
沙田 Sha Tin
85%
沙田 Sha Tin
85%
沙田 Sha Tin
85%
上環 Sheung Wan
80%
荃灣 Tsuen Wan
80%
荃灣 Tsuen Wan
80%
荃灣 Tsuen Wan
80%
柴灣 Chai Wan
75%
九龍塘 Kowloon Tong
75%
觀塘 Kwun Tong
75%
觀塘 Kwun Tong
75%
灣仔 Wan Chai
75%
長沙灣 Chung Sha Wan
70%
元朗 Yuen Long
70%
元朗 Yuen Long
70%
香港仔 Aberdeen
65%
銅鑼灣 Causeway Bay
65%
銅鑼灣 Causeway Bay
65%
大圍 Tai Wai
65%
大圍 Tai Wai
65%
將軍澳 Tseung Kwan O
65%
將軍澳 Tseung Kwan O
65%
屯門 Tuen Mun
65%
中環 Central
60%
九龍灣 Kowloon Bay
60%
九龍灣 Kowloon Bay
60%
紅磡 Hung Hom
55%
紅磡 Hung Hom
55%
堅尼地城 Kennedy Town
55%
獅子山隧道 Lion Rock Tunnel
55%
八鄉 Pat Heung
55%
鰂魚涌 Quarry Bay
55%
紅磡海底隧道 Cross Harbour Tunnel
50%
葵涌 Kwai Chung
50%
葵涌 Kwai Chung
50%
上水 Sheung Shui
50%
青衣 Tsing Yi
50%
青衣 Tsing Yi
50%
黃竹坑 Wong Chuk Hang
50%
黃大仙 Wong Tai Sin
50%
香港仔隧道 Aberdeen Tunnel
45%
大欖隧道 Tai Lam Tunnel
45%
大老山隧道 Tate’s Cairn Tunnel
45%
天水圍 Tin Shui Wai
45%
東涌 Tung Chung
45%
粉嶺 Fanling
40%
荔枝角 Lai Chi Kok
40%
荔枝角 Lai Chi Kok
40%
西營盤 Sai Ying Pun
40%
西營盤 Sai Ying Pun
40%
深水埗 Sham Shui Po
40%
九龍東 Kowloon East
35%
油麻地 Yau Ma Tei
35%
長青隧道 Cheung Tsing Tunnel
30%
尖山隧道 Eagle’s Nest Tunnel
30%
東區海底隧道 Eastern Harbour Crossing
30%
啟德隧道 Kai Tak Tunnel
30%
城門隧道 Shing Mun Tunnel
30%
青馬大橋 Tsing Ma Bridge
30%
西區海底隧道 Western Harbour Crossing
30%
赤鱲角 Chek Lap Kok
25%
馬料水 Ma Liu Shui
25%
馬料水 Ma Liu Shui
25%
南灣隧道 Nam Wan Tunnel
25%
將軍澳隧道 Tseung Kwan O Tunnel
25%
洪水橋 Hung Shui Kiu
20%
落馬洲 Lok Ma Chau
20%
深圳灣口岸 Shenzhen Bay Port
20%
昂船洲 Stonecutter’s Island
20%
將軍澳 - 藍田隧道 TKO — LT Tunnel
20%
牛頭角 Ngau Tau Kok
15%
深井 Sham Tseng
15%
元朗公路 Yuen Long Road
10%
貨櫃碼頭 Containers Terminal
0%
No matching quizzes found
Score Distribution
Percent of People with Each Score
Percentile by Number Answered
Your Score History
You have not taken this quiz